000 01127nam a2200313 i 4500
001 10853
003 KOSZ 005
005 20200630132820.0
008 070909s1966 pl a f f 000 0 pol
015 _aPB 1968/5358
040 _aWA N
_cWA N
_dKOSZ 005/RW
080 _a517
080 _a516
100 1 _aBiałynicz, Stefan
_d(1906-1969).
_eAutor
245 1 0 _aZadania z matematyki wyższej /
_cS. Białynicz, K. Zieliński.
250 _aWydanie 5 nie zmienione.
260 _aWarszawa :
_bPaństwowe Wydawnictwo Naukowe,
_c1966.
300 _a468 stron :
_bilustracje ;
_c23 cm.
336 _aTekst
_btxt
_2rdacontent
337 _aBez urządzenia pośredniczącego
_bn
_2rdamedia
338 _aWolumin
_bnc
_2rdacarrier
380 _aKsiążki.
650 4 _aMatematyka
_xszkoły wyższe.
655 4 _aĆwiczenia i zadania dla szkół wyższych
700 1 _aZieliński, Kazimierz
_d(1889-1979).
_eAutor
710 2 _aPaństwowe Wydawnictwo Naukowe
_4pbl.
856 _uhttp://koha.tu.koszalin.pl/cgi-bin/koha/opac-detail.pl?biblionumber=10853
_yKatalog online BPK
942 _2UKD
_cKS
999 _c10853
_d10853